Największe państwa w Historii - Statystyki

Ogólne statystyki
  • Ten quiz został rozwiązany 1 561 razy
  • Średni wynik to 10 z 16
Statystyki odpowiedzi
Powierzchnia Państwo % Poprawnych
3 23,7 (mln km2) Imperium Rosyjskie
95%
6 17,1 (mln km2) Federacja Rosyjska
93%
13 9,9 (mln km2) Chińska Republika Ludowa
87%
14 9,8 (mln km2) Stany Zjednoczone
85%
1 33,2 (mln km2) Imperium Brytyjskie
84%
12 10 (mln km2) Kanada
77%
2 33 (mln km2) Imperium Mongolskie
75%
8 13 (mln km2) Francuskie Imperium Kolonialne
74%
5 20 (mln km2) Hiszpańskie Imperium Kolonialne
71%
15 8,7 (mln km2) Cesarstwo Brazylii
64%
4 22,4 (mln km2) Związek Socjalistycznych Republik Radzieckich
63%
11 10,4 (mln km2) Portugalskie Imperium Kolonialne
57%
16 8 (mln km2) Imperium Achmenidów
27%
7 14,7 (mln km2) Dynastia Qing
14%
10 11,1 (mln km2) Kalifat Abbasydów
6%
8 13 (mln km2) Kalifat Umajjadów
5%
Nie znaleziono quizów pasujących do podanych kryteriów
Rozkład punktacji
Procent ludzi z każdym wynikiem
Percentyl według liczby udzielonych odpowiedzi
Twoja historia wyników
Nie rozwiązałeś tego quizu